Estrategia de las Instituciones miembros de la ADRU ante los tratados de Libre Comercio. (Record no. 876)
[ view plain ]
| 000 -LEADER | |
|---|---|
| campo de control de longitud fija | 02487nam a2200553Ia 4500 |
| 001 - NÚMERO DE CONTROL | |
| campo de control | 956 |
| 008 - DATOS DE LONGITUD FIJA--INFORMACIÓN GENERAL | |
| campo de control de longitud fija | 241029s9999 xx 000 0 und d |
| 010 ## - NÚMERO DE CONTROL DE LA BIBLIOTECA DEL CONGRESO | |
| Número de control de LC | 876 |
| 041 ## - CÓDIGO DE IDIOMA | |
| Código de lengua del texto/banda sonora o título independiente | Español |
| 082 ## - NÚMERO DE LA CLASIFICACIÓN DECIMAL DEWEY | |
| Número de clasificación | TPG MCE 1-2006 |
| 245 #0 - MENCIÓN DEL TÍTULO | |
| Título | Estrategia de las Instituciones miembros de la ADRU ante los tratados de Libre Comercio. |
| 260 ## - PUBLICACIÓN, DISTRIBUCIÓN, ETC. | |
| Lugar de publicación, distribución, etc. | Santo Domingo |
| 300 ## - DESCRIPCIÓN FÍSICA | |
| Extensión | 85 |
| 520 ## - RESUMEN, ETC. | |
| Sumario, etc. | 18 |
| 520 ## - RESUMEN, ETC. | |
| Sumario, etc. | El objetivo principal de esta investigación fue una estrategia compleja de integración de los procesos de educación superior en la República Dominicana, a través de potenciar la función de extensión, que contribuya a la sinergia entre la investigación y la docencia, centrando en este trabajo la atención en la Asociación Dominicana de Rectores de Universidades (ADRU) de la Republica Dominicana. Para la realización de las tareas se aplicaron diferentes métodos y técnicas de investigación científica, el método histórico lógico, dialéctico materialista, análisis de especialistas para la valoración de la efectividad de la estrategia.El estudio concluyó con que el principio básico para el desarrollo de la ADRU, como Institución social es el vínculo universidad-sociedad. El proceso de integración debe incorporar como parte del mismo la docencia y la investigación. La extensión es circunstancial a todos los procesos: docente e investigativo. Para ello, se elaboró el plan estratégico de la ADRU. |
| 630 ## - PUNTO DE ACCESO ADICIONAL DE MATERIA--TÍTULO UNIFORME | |
| Título uniforme | Docentes Universitarios |
| 630 ## - PUNTO DE ACCESO ADICIONAL DE MATERIA--TÍTULO UNIFORME | |
| Título uniforme | Educación Superior |
| 630 ## - PUNTO DE ACCESO ADICIONAL DE MATERIA--TÍTULO UNIFORME | |
| Título uniforme | Proceso Educativo |
| 630 ## - PUNTO DE ACCESO ADICIONAL DE MATERIA--TÍTULO UNIFORME | |
| Título uniforme | Sociedad |
| 650 ## - PUNTO DE ACCESO ADICIONAL DE MATERIA--TÉRMINO DE MATERIA | |
| Término de materia o nombre geográfico como elemento de entrada | Investigación |
| 690 ## - PUNTO DE ACCESO ADICIONAL DE MATERIA LOCAL--TÉRMINO DE MATERIA (OCLC, RLIN) | |
| Término de materia o nombre geográfico como elemento inicial | Elaborado |
| 700 ## - ENTRADA AGREGADA--NOMBRE PERSONAL | |
| Término indicativo de función/relación | asesor |
| Nombre de persona | Portuondo , Roberto |
| 700 ## - ENTRADA AGREGADA--NOMBRE PERSONAL | |
| Término indicativo de función/relación | autor |
| Nombre de persona | Goico Germosén , José Jorge de Jesus |
| 901 ## - ELEMENTOS DE DATOS A LOCAL LDA (RLIN) | |
| a | {"1":"Goico Germosén "} |
| b | {"1":"José Jorge de Jesus"} |
| 902 ## - ELEMENTOS DE DATOS B LOCAL, LDB (RLIN) | |
| a | 1 |
| 903 ## - ELEMENTOS DE DATOS C LOCAL, LDC (RLIN) | |
| a | {"1":"Portuondo "} |
| b | {"1":"Roberto"} |
| 904 ## - ELEMENTOS DE DATOS D LOCAL, LDD (RLIN) | |
| a | Maestría en |
| 905 ## - ELEMENTOS DE DATOS E LOCAL, LDE (RLIN) | |
| a | Ciencias de la Educación |
| 906 ## - ELEMENTOS DE DATOS F LOCAL, LDF (RLIN) | |
| a | 2 |
| 907 ## - ELEMENTOS DE DATOS G LOCAL, LDG (RLIN) | |
| a | NO APLICA |
| 908 ## - COLOCAR PARÁMETRO DE COMANDO (RLIN) | |
| Colocar parámetro de comando | NO APLICA |
| 909 ## - | |
| -- | Universidad Acción Pro Educación y Cultura (UNAPEC) |
| 910 ## - DATOS DE OPCIÓN DEL USUARIO (OCLC) | |
| Datos de opción del usuario | NULL |
| -- | NULL |
| 911 ## - EQUIVALENCIA O REFERENCIA-CRUZADA-NOMBRE DE CONFERENCIA O REUNIÓN/CONGRESO [LOCAL, CANADÁ] | |
| Nombre de congreso/reunión o jurisdicción como elemento de entrada | ["1"] |
| 912 ## - | |
| -- | Universidad de Camagüey (UC), Cuba |
| 913 ## - | |
| -- | NULL |
| 914 ## - | |
| -- | 01 de Mayo de 2006 |
| 915 ## - | |
| -- | 20/12/19 12:12 |
| 916 ## - | |
| -- | NULL |
| 917 ## - | |
| -- | NULL |
| 918 ## - | |
| -- | NO APLICA |
| 919 ## - | |
| -- | ["71","83","165","206"] |
| 921 ## - | |
| -- | 16 |
| 922 ## - | |
| -- | 16 |
| 923 ## - | |
| -- | 0 |
| 924 ## - | |
| -- | NO APLICA |
| 942 ## - ELEMENTOS DE ENTRADA SECUNDARIOS (KOHA) | |
| Tipo de ítem Koha | |
No items available.